Fire in the sea : the Santorini volcano : natural history and the legend of Atlantis
Saved in:
| Main Author: | |
|---|---|
| Other Authors: | |
| Format: | Book |
| Language: | English German |
| Published: |
Cambridge ; New York :
Cambridge University Press,
2000.
|
| Subjects: | |
| Tags: |
Add Tag
No Tags, Be the first to tag this record!
|
MARC
| LEADER | 00000cam a2200000 i 4500 | ||
|---|---|---|---|
| 001 | 1/21109 | ||
| 008 | 051221s2000 nyu| ||| |||| ||eng|| | ||
| 020 | |a 0521652901 | ||
| 035 | |l 10081789 | ||
| 040 | |a GR-MyUA |b gre |e AACR2 | ||
| 041 | 1 | |a eng |h ger | |
| 082 | 0 | |a 551.210949585 |2 (22) | |
| 100 | 1 | |a Friedrich, Walter L. |q (Walter Ludwig), |d 1938- | |
| 245 | 1 | 0 | |a Fire in the sea : |b the Santorini volcano : natural history and the legend of Atlantis / |c Walter L. Freidrich ; translated by Alexander R. McBirney. |
| 260 | |a Cambridge ; New York : |b Cambridge University Press, |c 2000. | ||
| 300 | |a xiv, 258 σ. : |b έγχρ. εικ., έγχρ. χάρτες ; |c 29 εκ. | ||
| 500 | |a Τίτλος πρωτοτύπου: Feuer im meer. | ||
| 504 | |a Περιέχει βιβλιογραφία (σ. [236]-244) και ευρετήρια. | ||
| 650 | 0 | 0 | |a Geology |z Greece |z Santorini Island. |
| 650 | 0 | 0 | |a Civilization, Aegean. |
| 650 | 0 | 0 | |a Minoans. |
| 650 | 0 | 0 | |a Volcanism |z Greece |z Santorini Island. |
| 651 | 0 | |a Santorini Volcano (Greece) |x Eruptions. | |
| 700 | 1 | |a McBirney, Alexander R. |e trl | |
| 852 | |a INST |b LESVOS |e 20051221 |h 551.210949585 FRI |p 005100033836 |q 005100033836 |t BK |y 0 | ||
| 901 | |a BIBL1-2005-3 | ||
| 909 | |a Λ |b 125446 | ||
| 920 | |a ΔΙΕΥΡΥΝΣΗ |b ΕΠΕΑΕΚ-ΤΕΘ |y Λέσβος |z 2005-12 | ||
| 970 | |a ΚΑΡΑ |b ΓΙΑΣΕΜΗ |z 2005/12/21 | ||